000 00480nam a2200169Ia 4500
999 _c11434
_d11434
008 210107s9999 xx 000 0 und d
020 _a8131709833
100 _aKnuth, Donald E.
_91707
245 0 _aArt of computer programming: sorting and searching /
_cby Donald E. Knuth.
250 _a2nd ed.
260 _aDelhi
_bPearson Education
_c1998
300 _a780p.
440 _aSorting and Searching
490 _vVol. 3.
650 0 _aComputer programming
942 _cBK
_2ddc